[Event "Pan American Intercollegiate-chT"]
[Site "Lubbock"]
[Date "2013.12.29"]
[Round "5.3"]
[White "Corrales Jimenez, Fidel"]
[Black "Shvartsman, Andrew Nathaniel"]
[Result "1-0"]
[WhiteElo "2629"]
[BlackElo "2315"]
[PlyCount "105"]
[EventDate "2013.12.27"]
[EventType "team-swiss"]
[EventRounds "6"]
[EventCountry "USA"]
[SourceTitle "CBM 158 Extra"]
[Source "ChessBase"]
[SourceDate "2014.02.28"]
[SourceVersion "1"]
[SourceVersionDate "2014.02.28"]
[SourceQuality "1"]
[WhiteTeam "Webster Univ II"]
[BlackTeam "New York Univ"]
[WhiteTeamCountry "USA"]
[BlackTeamCountry "USA"]

1. e4 c5 2. Nf3 Nc6 3. d4 cxd4 4. Nxd4 Nf6 5. Nc3 e5 6. Ndb5 d6 7. Bg5 a6 8. Na3 b5 9. Nd5 Be7 10. Bxf6 Bxf6 11. c4 b4 12. Nc2 a5 13. Qf3 Bg5 14. h4 Bh6 15. g4 Bf4 16. Nxf4 Qf6 17. 0-0-0 Qxf4+ 18. Qxf4 exf4 19. Rxd6 Ne5 20. g5 Bb7 21. h5 Ke7 22. Rb6 Bxe4 23. Rh4 Rhb8 24. Rxb8 Rxb8 25. Rxf4 Bd3 26. Ne3 h6 27. gxh6 gxh6 28. Bh3 Rg8 29. Kd2 Rd8 30. Nd5+ Kd6 31. b3 Kc5 32. Bg2 Bb1 33. Kc1 Nd3+ 34. Kxb1 Nxf4 35. Nxf4 Rd2 36. Be4 Kd4 37. f3 Rh2 38. Kc1 Ke3 39. Nd5+ Kd4 40. Nf6 Kc3 41. Kd1 Kd4 42. Bc2 Kc3 43. Ne4+ Kd4 44. Ng3 Rh3 45. Nf5+ Kc3 46. Be4 Rh1+ 47. Ke2 Rh2+ 48. Ke3 Rxa2 49. c5 Ra1 50. c6 Kxb3 51. c7 Rc1 52. Nd4+ Kb2 53. Nc6 1-0

[Event "USA tt"]
[Site "ICC INT"]
[Date "2012.09.10"]
[Round "2"]
[White "Liou, Yian"]
[Black "Shvartsman, Andrew Nathaniel"]
[Result "1/2-1/2"]
[WhiteElo "2352"]
[BlackElo "2273"]
[PlyCount "91"]
[EventDate "2012.09.04"]
[EventType "team-tourn"]
[EventRounds "10"]
[EventCountry "USA"]
[SourceTitle "CBM 150 Extra"]
[Source "ChessBase"]
[SourceDate "2012.10.19"]
[SourceVersion "1"]
[SourceVersionDate "2012.10.19"]
[SourceQuality "1"]
[WhiteTeam "San Francisco"]
[BlackTeam "Manhattan"]
[WhiteTeamCountry "USA"]
[BlackTeamCountry "USA"]

1. e4 c5 2. Nf3 Nc6 3. Nc3 Nf6 4. Bb5 g6 5. 0-0 Bg7 6. Re1 0-0 7. e5 Ng4 8. Bxc6 dxc6 9. d3 Nh6 10. Ne4 b6 11. Bf4 Nf5 12. Qd2 Nd4 13. Nxd4 Qxd4 14. c3 Qd5 15. Ng3 Rd8 16. Rad1 Qxa2 17. Bh6 Bh8 18. Qg5 Re8 19. f4 Qxb2 20. h4 Qxc3 21. h5 Qd4+ 22. Kh1 f6 23. Qh4 f5 24. Ne2 Qd5 25. hxg6 hxg6 26. Ng1 Bg7 27. Re3 Kf7 28. Bxg7 Kxg7 29. Rh3 Kf7 30. Qh7+ Ke6 31. Qxg6+ Kd7 32. Rh6 e6 33. Rh7+ Re7 34. Nf3 Rxh7+ 35. Qxh7+ Kd8 36. Ng5 Qd7 37. Qg8+ Kc7 38. Rf1 a5 39. Rf3 b5 40. Rh3 Kb6 41. Rh7 Qxd3 42. Qg7 c4 43. Qc7+ Kc5 44. Qe7+ Kb6 45. Qc7+ Kc5 46. Qe7+ 1/2-1/2

[Event "World op 40th"]
[Site "Philadelphia"]
[Date "2012.07.06"]
[Round "4"]
[White "Molner, Mackenzie"]
[Black "Shvartsman, Andrew Nathaniel"]
[Result "1-0"]
[WhiteElo "2479"]
[BlackElo "2240"]
[PlyCount "75"]
[EventDate "2012.07.03"]
[EventType "swiss"]
[EventRounds "9"]
[EventCountry "USA"]
[SourceTitle "CBM 149 Extra"]
[Source "ChessBase"]
[SourceDate "2012.08.24"]
[SourceVersion "1"]
[SourceVersionDate "2012.08.24"]
[SourceQuality "1"]

1. c4 g6 2. d4 Nf6 3. Nc3 Bg7 4. e4 d6 5. Nf3 0-0 6. Be2 e5 7. 0-0 Nc6 8. d5 Ne7 9. Ne1 Ne8 10. Be3 f5 11. f3 f4 12. Bf2 g5 13. c5 Rf7 14. cxd6 cxd6 15. Nb5 a6 16. Na3 Bd7 17. Nc4 Nc8 18. b4 h5 19. Na5 Rb8 20. Rc1 Bf8 21. Qb3 Bb5 22. Bxb5 axb5 23. Qd3 Qd7 24. Kh1 Be7 25. Nc2 Bd8 26. Na3 Nc7 27. Rg1 g4 28. Rcf1 Na6 29. Qxb5 Qxb5 30. Nxb5 Nxb4 31. Nc4 Rc7 32. Nxc7 Bxc7 33. g3 b5 34. Nb2 fxg3 35. Rxg3 Ne7 36. fxg4 h4 37. Rb3 Na6 38. Nd3 1-0

[Event "Manhattan op"]
[Site "New York"]
[Date "2011.08.18"]
[Round "3"]
[White "Shvartsman, Andrew Nathaniel"]
[Black "Helfst, Matt D"]
[Result "1-0"]
[WhiteElo "2209"]
[BlackElo "1971"]
[PlyCount "115"]
[EventDate "2011.08.17"]
[EventType "swiss"]
[EventRounds "9"]
[EventCountry "USA"]
[SourceTitle "CBM 143 Extra"]
[Source "ChessBase"]
[SourceDate "2011.08.29"]
[SourceVersion "1"]
[SourceVersionDate "2011.08.29"]
[SourceQuality "1"]

1. e4 e6 2. d4 d5 3. Nd2 dxe4 4. Nxe4 Bd7 5. Nf3 Bc6 6. Bd3 Nd7 7. 0-0 Ngf6 8. Ng3 Be7 9. c4 0-0 10. b3 Re8 11. Bb2 b6 12. Qe2 Bb7 13. Rad1 c6 14. Ne5 Qc7 15. Nxd7 Nxd7 16. Qg4 Nf6 17. Qh3 g6 18. f3 c5 19. dxc5 Qxc5+ 20. Kh1 Rad8 21. Be4 Bc8 22. Qh6 e5 23. Bb1 Rd6 24. Rde1 Bf8 25. Qc1 Rde6 26. Re2 Bg7 27. Rfe1 Nd7 28. Ne4 Qe7 29. Ba3 Nc5 30. Qe3 Rc6 31. Nc3 Qh4 32. g3 Qh5 33. Nd5 Bh6 34. Qf2 Bg7 35. Bb2 f6 36. g4 Qh3 37. Nf4 Qh6 38. Nd5 Ne6 39. Qg3 Bb7 40. Bc1 g5 41. Be4 Nc5 42. Bc2 Ne6 43. Rd1 Rcc8 44. Bf5 Bxd5 45. cxd5 Nd4 46. Bxc8 Nxe2 47. Qe1 Nxc1 48. Rxc1 Bf8 49. Be6+ Kh8 50. Rc7 e4 51. Qxe4 Bd6 52. Rc2 Qh3 53. Kg1 Bc5+ 54. Rxc5 bxc5 55. d6 Rd8 56. Bf5 Qh6 57. Qe7 Rg8 58. d7 1-0

[Event "US Open-112"]
[Site "Orlando"]
[Date "2011.08.02"]
[Round "6"]
[White "Shvartsman, Andrew Nathaniel"]
[Black "Xin, Samuel"]
[Result "1-0"]
[WhiteElo "2209"]
[BlackElo "2022"]
[PlyCount "91"]
[EventDate "2011.07.30"]
[EventType "swiss"]
[EventRounds "9"]
[EventCountry "USA"]
[SourceTitle "CBM 143 Extra"]
[Source "ChessBase"]
[SourceDate "2011.08.29"]
[SourceVersion "1"]
[SourceVersionDate "2011.08.29"]
[SourceQuality "1"]

1. e4 e5 2. Nf3 Nc6 3. Bb5 f5 4. Nc3 fxe4 5. Nxe4 d5 6. Nxe5 dxe4 7. Nxc6 Qg5 8. Qe2 Nf6 9. f4 Qxf4 10. d4 Qh4+ 11. g3 Qh3 12. Ne5+ c6 13. Bc4 Be6 14. Bf4 Bb4+ 15. c3 Be7 16. 0-0-0 0-0 17. g4 Bxc4 18. Qxc4+ Nd5 19. Bg3 Rac8 20. Kb1 Qh6 21. Qe2 e3 22. c4 Nb6 23. Rhe1 Bd6 24. b3 Bxe5 25. dxe5 Qg6+ 26. Kb2 Rcd8 27. Qxe3 Rxd1 28. Rxd1 Qxg4 29. Rd4 Qe6 30. Rd6 Qxc4 31. e6 Qb4 32. Rd4 Na4+ 33. Kc2 Qc5+ 34. Kd2 Nb6 35. e7 Qa5+ 36. Kc1 Qc5+ 37. Kb2 Re8 38. Qe6+ Kh8 39. Rd8 Qh5 40. Bd6 Nd5 41. Qf5 Qe2+ 42. Ka3 Qa6+ 43. Kb2 Qe2+ 44. Qc2 Qxc2+ 45. Kxc2 Nf6 46. Be5 1-0

[Event "USA-chT Amateur East"]
[Site "Parsippany"]
[Date "2011.02.19"]
[Round "2"]
[White "Sharp, Dale Eugene"]
[Black "Shvartsman, Andrew Nathaniel"]
[Result "0-1"]
[WhiteElo "2031"]
[BlackElo "2204"]
[PlyCount "80"]
[EventDate "2011.02.19"]
[EventType "team-swiss"]
[EventRounds "6"]
[EventCountry "USA"]
[SourceTitle "CBM 141 Extra"]
[Source "ChessBase"]
[SourceDate "2011.05.03"]
[SourceVersion "1"]
[SourceVersionDate "2011.05.03"]
[SourceQuality "1"]

1. e4 c5 2. Nf3 Nc6 3. d4 cxd4 4. Nxd4 Nf6 5. Nc3 e5 6. Ndb5 d6 7. Bg5 a6 8. Na3 b5 9. Bxf6 gxf6 10. Nd5 f5 11. c3 Bg7 12. Bd3 Be6 13. 0-0 0-0 14. Nc2 fxe4 15. Bxe4 f5 16. Nf6+ Qxf6 17. Bxc6 Rad8 18. Bd5 Kh8 19. f4 Bh6 20. Bxe6 Qxe6 21. Qe2 Qd5 22. Nb4 Qc5+ 23. Kh1 a5 24. Nd3 Qc4 25. Rad1 e4 26. Qh5 Bg7 27. Nc1 d5 28. Rfe1 b4 29. cxb4 axb4 30. Re3 Bxb2 31. Rh3 Rd7 32. Ne2 d4 33. Ng3 Qe6 34. Qe2 Bc3 35. Qb5 Qd5 36. Qa6 b3 37. Qh6 Rff7 38. axb3 Qxb3 39. Rf1 d3 40. Qa6 d2 0-1

[Event "US Open-111"]
[Site "Irvine"]
[Date "2010.08.02"]
[Round "3"]
[White "Chen, Howard"]
[Black "Shvartsman, Andrew Nathaniel"]
[Result "0-1"]
[WhiteElo "2257"]
[BlackElo "2192"]
[PlyCount "94"]
[EventDate "2010.07.31"]
[EventType "swiss"]
[EventRounds "9"]
[EventCountry "USA"]
[SourceTitle "CBM 137 Extra"]
[Source "ChessBase"]
[SourceDate "2010.09.01"]
[SourceVersion "1"]
[SourceVersionDate "2010.09.01"]
[SourceQuality "1"]

1. f4 Nf6 2. Nf3 g6 3. e3 Bg7 4. d4 d6 5. Bd3 Nbd7 6. 0-0 0-0 7. c3 b6 8. Bd2 Bb7 9. Be1 e5 10. fxe5 dxe5 11. Bc4 Ne4 12. Nbd2 Nd6 13. Bh4 Qe8 14. Qb3 Nxc4 15. Qxc4 c5 16. d5 f6 17. Ne4 Qb8 18. Qb3 h6 19. c4 f5 20. Ned2 g5 21. Bg3 Qe8 22. e4 f4 23. Bf2 Nf6 24. Qc3 Qe7 25. Qxe5 Qxe5 26. Nxe5 Rfe8 27. Nd3 Nxe4 28. Nxe4 Rxe4 29. Rac1 Rae8 30. Rfe1 Bc8 31. b4 Rxe1+ 32. Rxe1 Rxe1+ 33. Bxe1 Bf5 34. Nc1 Bd4+ 35. Kf1 Be3 36. Ne2 Bd3 37. bxc5 Bxc5 38. Bf2 Bxc4 39. Bxc5 bxc5 40. Kf2 Bxe2 41. Kxe2 Kf7 42. Kf3 Ke7 43. h4 gxh4 44. Kxf4 Kd6 45. Ke4 h5 46. a3 a6 47. a4 a5 0-1

[Event "Pan American-ch U16"]
[Site "Mar del Plata"]
[Date "2009.08.18"]
[Round "4"]
[White "Ibanez Iglesias, Juan Rodrigo"]
[Black "Shvartsman, Andrew Nathaniel"]
[Result "0-1"]
[WhiteElo "1906"]
[BlackElo "2083"]
[PlyCount "110"]
[EventDate "2009.08.16"]
[EventType "swiss"]
[EventRounds "9"]
[EventCountry "ARG"]
[SourceTitle "EXT 2022"]
[Source "ChessBase"]
[SourceDate "2021.10.06"]
[SourceVersion "1"]
[SourceVersionDate "2021.10.06"]
[SourceQuality "1"]

1. e4 c5 2. Nf3 Nc6 3. d4 cxd4 4. Nxd4 Nf6 5. Nc3 e5 6. Ndb5 d6 7. Bg5 a6 8. Na3 b5 9. Nd5 Be7 10. Bxf6 Bxf6 11. c3 0-0 12. Nc2 Re8 13. Be2 Bg5 14. Nce3 Bxe3 15. Nxe3 Be6 16. 0-0 Ne7 17. Bf3 Qc7 18. Qd2 Qc5 19. Rfd1 Red8 20. Rac1 Rd7 21. Bg4 Bxg4 22. Nxg4 f6 23. Ne3 Rad8 24. Nd5 Nxd5 25. Qxd5+ Qxd5 26. Rxd5 Rc8 27. Rcd1 Rc6 28. f3 Kf7 29. R1d2 Ke6 30. g3 Rc5 31. R5d3 g6 32. Kf2 f5 33. Ke3 a5 34. b4 axb4 35. cxb4 Rc4 36. a3 Rc6 37. h4 h5 38. Kf2 Ra7 39. Ke2 Ra4 40. Rb3 Rc4 41. Ke3 Ra6 42. Rd5 Rb6 43. Rbd3 Rc2 44. f4 fxe4 45. Kxe4 Rc4+ 46. Ke3 e4 47. Rd1 Ra6 48. Rxb5 Rxa3+ 49. Ke2 Rxg3 50. Rbd5 Rd3 51. R5xd3 exd3+ 52. Ke3 Rxb4 53. Rxd3 d5 54. Ra3 Kf5 55. Kf3 Rxf4+ 0-1

[Event "Foxwoods op"]
[Site "Ledyard"]
[Date "2009.04.12"]
[Round "9"]
[White "Santarius, Erik F"]
[Black "Shvartsman, Andrew Nathaniel"]
[Result "1-0"]
[WhiteElo "2252"]
[BlackElo "2057"]
[PlyCount "67"]
[EventDate "2009.04.08"]
[EventType "swiss"]
[EventRounds "9"]
[EventCountry "USA"]
[SourceTitle "CBM 129 Extra"]
[Source "ChessBase"]
[SourceDate "2009.05.05"]
[SourceVersion "2"]
[SourceVersionDate "2009.05.20"]
[SourceQuality "1"]

1. e4 e6 2. d4 d5 3. exd5 exd5 4. Nf3 Bd6 5. Bd3 Ne7 6. 0-0 0-0 7. Re1 Bf5 8. Bg5 f6 9. Bh4 Bxd3 10. Qxd3 c6 11. Nbd2 Ng6 12. Bg3 Na6 13. Nf1 Nc7 14. Ne3 Ne8 15. Re2 Nf4 16. Bxf4 Bxf4 17. Rae1 g6 18. Ng4 Kh8 19. g3 Bd6 20. h4 Qd7 21. Ne3 b5 22. h5 Kg7 23. Kg2 Nc7 24. hxg6 hxg6 25. Nh4 f5 26. g4 Rh8 27. Nexf5+ gxf5 28. Qxf5 Rad8 29. Qg5+ Kf7 30. Re3 Ne6 31. Rxe6 Qxe6 32. Rxe6 Kxe6 33. Qf5+ Ke7 34. Ng6+ 1-0

[Event "Foxwoods op"]
[Site "Ledyard"]
[Date "2009.04.12"]
[Round "8"]
[White "Shvartsman, Andrew Nathaniel"]
[Black "Zierk, Steven C"]
[Result "0-1"]
[WhiteElo "2057"]
[BlackElo "2296"]
[PlyCount "58"]
[EventDate "2009.04.08"]
[EventType "swiss"]
[EventRounds "9"]
[EventCountry "USA"]
[SourceTitle "CBM 129 Extra"]
[Source "ChessBase"]
[SourceDate "2009.05.05"]
[SourceVersion "2"]
[SourceVersionDate "2009.05.20"]
[SourceQuality "1"]

1. e4 e6 2. d4 d5 3. Nc3 Bb4 4. e5 c5 5. a3 Bxc3+ 6. bxc3 Qa5 7. Bd2 Qa4 8. Nf3 Nc6 9. Be3 f6 10. Bd3 Bd7 11. 0-0 Nge7 12. Re1 0-0-0 13. Bf1 c4 14. g3 f5 15. Bg5 h6 16. Bxe7 Nxe7 17. Qb1 Nc6 18. h4 Rdg8 19. Qc1 Be8 20. Kh2 Bh5 21. Bg2 Qa5 22. Qe3 Qd8 23. Rh1 g5 24. Kg1 f4 25. gxf4 gxf4 26. Qe2 Qa5 27. Kh2 Qxc3 28. Rhd1 Rxg2+ 29. Kxg2 Bxf3+ 0-1

[Event "Foxwoods op"]
[Site "Ledyard"]
[Date "2009.04.11"]
[Round "6"]
[White "Zhao, Parker Bi Guang"]
[Black "Shvartsman, Andrew Nathaniel"]
[Result "0-1"]
[WhiteElo "2301"]
[BlackElo "2057"]
[PlyCount "68"]
[EventDate "2009.04.08"]
[EventType "swiss"]
[EventRounds "9"]
[EventCountry "USA"]
[SourceTitle "CBM 129 Extra"]
[Source "ChessBase"]
[SourceDate "2009.05.05"]
[SourceVersion "2"]
[SourceVersionDate "2009.05.20"]
[SourceQuality "1"]

1. e4 e6 2. d3 d5 3. Nd2 Nf6 4. Ngf3 c5 5. g3 Nc6 6. Bg2 Be7 7. 0-0 0-0 8. e5 Nd7 9. Re1 g5 10. h3 f6 11. exf6 Bxf6 12. Nf1 Nd4 13. N1h2 Nxf3+ 14. Nxf3 h6 15. Rxe6 Nb8 16. Re1 Nc6 17. c3 Bf5 18. Be3 Qb6 19. b4 Bxc3 20. Bxc5 Qb5 21. Nxg5 Nxb4 22. Bxb4 Bxb4 23. Qb3 hxg5 24. Bxd5+ Kg7 25. Re7+ Kh6 26. Rxb7 Qc5 27. Rxb4 Be6 28. Qb2 Qxd5 29. Rb7 Bd7 30. Rc1 Rf7 31. Rcc7 Re8 32. Qd2 Rfe7 33. Rb1 Bxh3 34. f4 Rxc7 0-1

[Event "USA-chT Amateur East"]
[Site "Parsipanny"]
[Date "2009.02.14"]
[Round "2"]
[White "Shvartsman, Andrew Nathaniel"]
[Black "Charbonneau, Pascal"]
[Result "0-1"]
[WhiteElo "2053"]
[BlackElo "2500"]
[PlyCount "104"]
[EventDate "2009.02.14"]
[EventType "team-tourn"]
[EventRounds "6"]
[EventCountry "USA"]
[SourceTitle "CBM 129 Extra"]
[Source "ChessBase"]
[SourceDate "2009.05.05"]
[SourceVersion "2"]
[SourceVersionDate "2009.05.20"]
[SourceQuality "1"]

1. e4 c5 2. Nf3 a6 3. d4 cxd4 4. Nxd4 Nf6 5. Bd3 d6 6. Nc3 e5 7. Nb3 Be7 8. a4 Be6 9. 0-0 0-0 10. f4 exf4 11. Bxf4 Nc6 12. Kh1 Ng4 13. Be2 Nge5 14. Nd5 Rc8 15. c3 Bg5 16. Nd4 Bxd5 17. exd5 Nxd4 18. Qxd4 Bxf4 19. Rxf4 Qe7 20. a5 g6 21. b4 Rfe8 22. c4 Nd7 23. Bf1 f5 24. Rc1 Qe3 25. Qxe3 Rxe3 26. Rf3 Re4 27. Rfc3 Kf8 28. c5 Rxb4 29. c6 Nc5 30. cxb7 Rd8 31. Bxa6 Nxa6 32. Rc8 Ke8 33. Ra8 Nc5 34. a6 Nxb7 35. axb7 Rxb7 36. Ra3 Rdb8 37. Re3+ Kf7 38. Rce1 Rb1 39. Re7+ Kf8 40. h3 Rxe1+ 41. Rxe1 Rb5 42. Rd1 Kf7 43. Kg1 Kf6 44. Kf2 h6 45. g4 f4 46. Kf3 g5 47. Ke4 Rb4+ 48. Kd3 Ke5 49. Kc3 Re4 50. Rd2 f3 51. Rf2 Kf4 52. Kd3 Re5 0-1

[Event "Philadelphia National op 39th"]
[Site "Philadelphia"]
[Date "2008.11.30"]
[Round "6"]
[White "Shvartsman, Andrew Nathaniel"]
[Black "Greanias, Steve"]
[Result "1/2-1/2"]
[WhiteElo "2036"]
[BlackElo "2126"]
[PlyCount "78"]
[EventDate "2008.11.28"]
[EventType "swiss"]
[EventRounds "6"]
[EventCountry "USA"]
[SourceTitle "CBM 127 Extra"]
[Source "ChessBase"]
[SourceDate "2009.01.08"]
[SourceVersion "2"]
[SourceVersionDate "2009.01.28"]
[SourceQuality "1"]

1. e4 c5 2. Nf3 e6 3. d4 cxd4 4. Nxd4 a6 5. Bd3 Qb6 6. Nb3 Qc7 7. 0-0 Nf6 8. Nc3 Be7 9. f4 d6 10. Qe1 Nbd7 11. Qg3 g6 12. Bd2 0-0 13. Rae1 b5 14. a3 Bb7 15. f5 Nh5 16. Qh3 e5 17. fxg6 hxg6 18. Bh6 Ng7 19. g4 Qd8 20. Rf3 Rc8 21. Ref1 Bg5 22. Nd5 Bxd5 23. exd5 Qe7 24. Nd2 Nc5 25. b4 e4 26. bxc5 Bxd2 27. Bxd2 exf3 28. cxd6 Qxd6 29. Bb4 Qxd5 30. Bxf8 Rxf8 31. Rxf3 Ne6 32. Qf1 Ng5 33. Rf2 Qc5 34. h4 Ne6 35. Qe2 Nf4 36. Qf3 Nxd3 37. Qxd3 Re8 38. Qf3 Qe7 39. Kg2 Qe4 1/2-1/2

[Event "Philadelphia National op 39th"]
[Site "Philadelphia"]
[Date "2008.11.29"]
[Round "3"]
[White "Shvartsman, Andrew Nathaniel"]
[Black "Figler, Ilya"]
[Result "1-0"]
[WhiteElo "2036"]
[BlackElo "2322"]
[PlyCount "39"]
[EventDate "2008.11.28"]
[EventType "swiss"]
[EventRounds "6"]
[EventCountry "USA"]
[SourceTitle "CBM 127 Extra"]
[Source "ChessBase"]
[SourceDate "2009.01.08"]
[SourceVersion "2"]
[SourceVersionDate "2009.01.28"]
[SourceQuality "1"]

1. e4 c6 2. d4 d5 3. e5 c5 4. dxc5 e6 5. Be3 Nh6 6. c3 Qc7 7. Nf3 Nd7 8. Na3 a6 9. Qa4 Rb8 10. b4 Ng4 11. Bd4 f6 12. exf6 e5 13. h3 exd4 14. hxg4 dxc3 15. Bd3 gxf6 16. Kf1 Qf4 17. Re1+ Kd8 18. Qb3 a5 19. Qxd5 Qxb4 20. Nd4 1-0

[Event "USA-chT Amateur East"]
[Site "Parsippany"]
[Date "2008.02.16"]
[Round "2"]
[White "Shvartsman, Andrew Nathaniel"]
[Black "Fang, Joseph"]
[Result "0-1"]
[WhiteElo "1956"]
[BlackElo "2313"]
[PlyCount "56"]
[EventDate "2008.02.16"]
[EventType "team"]
[EventRounds "6"]
[EventCountry "USA"]
[SourceTitle "CBM 123 Extra"]
[Source "ChessBase"]
[SourceDate "2008.05.06"]
[SourceVersion "1"]
[SourceVersionDate "2008.05.06"]
[SourceQuality "1"]

1. e4 c6 2. d4 d5 3. e5 c5 4. c3 Nc6 5. Nf3 Bg4 6. Be2 e6 7. h3 Bxf3 8. Bxf3 cxd4 9. cxd4 Qb6 10. Be3 Nge7 11. Qd2 Nf5 12. Nc3 Ncxd4 13. 0-0-0 Nxf3 14. gxf3 Qa5 15. Kb1 Rc8 16. Qd3 Be7 17. Rhg1 0-0 18. Ne2 Rc6 19. Ng3 Ra6 20. a3 Nxg3 21. Rxg3 Rc8 22. Rdg1 g6 23. Bh6 Kh8 24. h4 Bxa3 25. Qxa3 Qb5 26. f4 Rxa3 27. Rxa3 Qe2 28. Rgg3 Qd1+ 0-1